Traffic Grooming for Optical Networks: foundations, techniques and frontiers (Record no. 10691)

000 -LEADER
fixed length control field 00471 a2200169 4500
020 ## - INTERNATIONAL STANDARD BOOK NUMBER
International Standard Book Number 9780387745176
040 ## - CATALOGING SOURCE
Original cataloging agency DLC
Language of cataloging DLC
082 ## - DEWEY DECIMAL CLASSIFICATION NUMBER
Classification number 621.3827 DUT
100 ## - MAIN ENTRY--PERSONAL NAME
Personal name Rudra Dutta
110 ## - MAIN ENTRY--CORPORATE NAME
Corporate name or jurisdiction name as entry element Ahmed E. Kamal
245 ## - TITLE STATEMENT
Title Traffic Grooming for Optical Networks: foundations, techniques and frontiers
Statement of responsibility, etc. Rudra Dutta
260 ## - PUBLICATION, DISTRIBUTION, ETC.
Place of publication, distribution, etc. New York
Name of publisher, distributor, etc. Springer
Date of publication, distribution, etc. 2008
300 ## - PHYSICAL DESCRIPTION
Extent 295 p.
650 ## - SUBJECT ADDED ENTRY--TOPICAL TERM
Topical term or geographic name entry element Optical communications
700 ## - ADDED ENTRY--PERSONAL NAME
Personal name Rudra Dutta
942 ## - ADDED ENTRY ELEMENTS (KOHA)
Koha item type Book
Call number prefix 621.3827 DUT
Source of classification or shelving scheme
Holdings
Withdrawn status Lost status Damaged status Not for loan Collection code Permanent Location Current Location Shelving location Date acquired Source of acquisition Cost, normal purchase price Total Checkouts Total Renewals Full call number Barcode Date last seen Date last checked out Price effective from Koha item type
          Central Library (CL) Central Library (CL) General Stacks 10/13/2008 Progressive International Agencies 7916.50 2 1 621.3827 DUT SEECS009284 01/26/2023 10/04/2018 01/05/2017 Book
© 2023 Central Library, National University of Sciences and Technology. All Rights Reserved.